| 000 | 00684nam a2200217Ia 4500 | ||
|---|---|---|---|
| 999 |
_c35579 _d35579 |
||
| 001 | 1441 | ||
| 003 | GE_BSU | ||
| 005 | 20200221152713.0 | ||
| 008 | 181216s2009||||enk|||||||||||||| ||eng|| | ||
| 020 | _a9780123748485 | ||
| 040 | _cGE_BSU | ||
| 080 | _a519.2 R-19 | ||
| 100 |
_aRamachandran., M. Kandethody _97312 |
||
| 245 |
_aMathematical Statistics with Applications / _cRamachandran.,M.Kandethody.,Chris.,p.Tsokos. |
||
| 264 |
_aAmsterdam, _c2009. |
||
| 300 | _a824 p. | ||
| 653 | _aმათემატიკა | ||
| 653 | _aმათემატიკური სტატისტიკა | ||
| 700 |
_aTsokos, Chris., p. _eავტორი _97313 |
||
| 942 |
_cBK _2udc |
||